00538nam a2200169 a 450000100100000000500170001000800410002704000250006808200130009310000170010624500490012326000430017230000210021550000380023650000620027450000320033600003665220200930075843.0120124s1973 xxu 000 0 spa d aDO-SdBNPbspacBNPHU axxxbxxx1 aBlondel Jean10aComparing political systems /cJean Blondel. aNew York :bPraeger Publishers,c1973. a260 p. ;c21 cm. aIncluye notas al pie de páginas aIncluye datos biográficos del autor en la contraportada aBibliografía : p. 249-254